INFLUENCE OF SUPERVISED AGRICULTURAL EXPERIENCE PROGRAMME ON THE LEARNING OUTCOMES OF SECONDARY SCHOOL AGRICULTURE TEACHING AMONG STUDENTS IN MIGORI COUNTY, KENYA (Record no. 215990)

MARC details
000 -LEADER
fixed length control field 00535nam a22001457a 4500
008 - FIXED-LENGTH DATA ELEMENTS--GENERAL INFORMATION
fixed length control field 250806b |||||||| |||| 00| 0 eng d
100 ## - MAIN ENTRY--PERSONAL NAME
Personal name ONGANGA PETER ODHIAMBO
245 ## - TITLE STATEMENT
Title INFLUENCE OF SUPERVISED AGRICULTURAL EXPERIENCE PROGRAMME ON THE LEARNING OUTCOMES OF SECONDARY SCHOOL AGRICULTURE TEACHING AMONG STUDENTS IN MIGORI COUNTY, KENYA
260 ## - PUBLICATION, DISTRIBUTION, ETC.
Place of publication, distribution, etc. KISII
Name of publisher, distributor, etc. KISII UNIVERSITY
Date of publication, distribution, etc. 2021
300 ## - PHYSICAL DESCRIPTION
Extent XXVI,267P.
500 ## - GENERAL NOTE
General note INCLUDES AN INDEX
650 ## - SUBJECT ADDED ENTRY
Topical term or geographic name entry element AGRICULTURAL EDUCATION -KENYA
942 ## - ADDED ENTRY ELEMENTS (KOHA)
Source of classification or shelving scheme Library of Congress Classification
Koha item type Reference
Holdings
Withdrawn status Lost status Source of classification or shelving scheme Damaged status Not for loan Collection Home library Current library Shelving location Date acquired Inventory number Total checkouts Full call number Barcode Date last seen Copy number Price effective from Koha item type
    Library of Congress Classification     Science & Technology Kisii University Library Kisii University Library On Display 08/06/2025 109400   THE S 531 .O54 2021 000000024365 08/06/2025 C.1 08/06/2025 Reference